-
Dara Dr SS & mishra Dr DD
Entry Personal Name
Number of records used in: 1
001 - CONTROL NUMBER
003 - CONTROL NUMBER IDENTIFIER
005 - DATE AND TIME OF LATEST TRANSACTION
- control field:
20160630141412.0
008 - FIXED-LENGTH DATA ELEMENTS
- fixed length control field:
160630|| aca||aabn | a|a d
040 ## - CATALOGING SOURCE
- Original cataloging agency:
OSt
- Transcribing agency:
OSt
100 ## - HEADING--PERSONAL NAME
- Personal name:
Dara Dr SS & mishra Dr DD
670 ## - SOURCE DATA FOUND
- Source citation:
Work cat.: (OSt): Dara Dr SS & mishra Dr DD, Enviornmental chemistry & pollution control, 2014